00682nam a2200229 a 4500001001300000003000900013005001700022008004100039020001000080082001300090100001900103245004400122260005000166300000900216500003500225650002500260700001900285902000800304942000700312952011600319999001700435nice12345678IN_TiNIC20260116015233.0050524s0000 boma grp 000 0 eng  ac10000a150bCAR aCarnegue, Dale aHow to Win Friends and Influence People aBombay bShethia Audio Vidio Pvt. Ltd. c0000 a146p aincludes index and biblioraphy aPluralim-India Islam1 aCarnegue, Dale bSRS cBK 001040708StackRoom-aHMIbHMId2007-07-04g100.00l0o150 CARp11001292r2007-07-04v100.00w2005-05-24yBK c18862d18862